000
00305nam a2200121Ia 4500
008
221102s9999 xx 000 0 und d
041
_a
eng
082
_b
Cha
100
_a
Chaudhary Nandita
_9
95170
245
_a
Modern Indian English Poetry
250
_a
1
260
_b
Swastik publication
_c
1905-07-06
999
_c
82306
_d
82306